Obálka Náhled e-knihy:
PDF Epub
Pro půjčování e-knih musíte být přihlášeni.
Jak si půjčit online?

Ostrov větrných koní. Přátelství z větru a magie /

Na větrném ostrově Maolis má každý člověk už od narození svého koně. Vítr tam mění barvy, písek je černý jako noc a lidé žijí ve stínu sopky Bergin v nerozlučných svazcích se svými zvířaty.

Uloženo v:
Série:Ostrov větrných koní, část 1
Hlavní autor: Hierteis, Eva, 1972- (Autor)
Další autoři: Hájková, Romana, 1968- (Autor)
Médium: E-kniha
Jazyk:Czech
Vydáno: Praha : Dobrovský s.r.o., 2023
Edice:Drobek
Témata:
Příbuzné jednotky:Z cyklu:: Ostrov větrných koní
Tagy:
Žádné tagy
LEADER 03062nam a2200553 i 4500
001 311851
003 CZ PrSKC
005 20260601215712.0
007 ta
008 230209s2023 xr a c 000 f cze
015 |a cnb003500291 
020 |a 9788027711031  |q (vázáno) 
035 |a (OCoLC)1375350288 
040 |a ABG001  |b cze  |d ABA001  |e rda 
041 1 |a cze  |h ger 
072 7 |a 821.112.2-3  |x Německá próza, německy psaná  |2 Konspekt 
072 7 |a 821-93  |x Literatura pro děti a mládež (beletrie)  |2 Konspekt 
080 |a 821.112.2-31  |2 MRF 
080 |a 821-93  |2 MRF 
080 |a (0:82-312.9)  |2 MRF 
100 1 |a Hierteis, Eva,  |d 1972-  |7 xx0281844  |4 aut 
240 1 0 |a Freundschaft aus Wind und Magie.  |l Česky 
245 1 0 |a Ostrov větrných koní.  |p Přátelství z větru a magie /  |c Eva Hierteis ; přeložila Romana Hájková 
246 3 0 |a Přátelství z větru a magie 
264 1 |a Praha :  |b Dobrovský s.r.o.,  |c 2023 
300 |a 194 stran :  |b ilustrace ;  |c 21 cm 
336 |a text  |b txt  |2 rdacontent 
337 |a bez média  |b n  |2 rdamedia 
338 |a svazek  |b nc  |2 rdacarrier 
490 1 |a Drobek 
500 |a Přeloženo z němčiny 
500 |a V tiráži název části chybně Abenteuer aus Nebel und Wildnis, na rubu titulní stránky správně: Freundschaft aus Wind und Magie 
520 2 |a Na větrném ostrově Maolis má každý člověk už od narození svého koně. Vítr tam mění barvy, písek je černý jako noc a lidé žijí ve stínu sopky Bergin v nerozlučných svazcích se svými zvířaty.  |b Dívka Nilla a její hřebec Větrný tanečník mají neobyčejné pouto. Nejraději ze všeho spolu prostě jenom běhají po pláži s větrem o závod. Večer pak poslouchají dívčina pěstouna, mistra Juna, který vypráví nádherné a magické ostrovní legendy. Jedné noci se však v jejich chýši objeví neobyčejná dívka Luna se svou zvláštní klisnou Měsíční září a od té doby už nic není jako dřív. Nakladatelská anotace. Kráceno. 
521 8 |a Pro čtenáře od 9 let 
655 7 |a německé romány  |7 fd132945  |2 czenas 
655 7 |a fantasy romány  |7 fd184199  |2 czenas 
655 7 |a publikace pro děti  |7 fd133156  |2 czenas 
655 9 |a German fiction  |2 eczenas 
655 9 |a fantasy novels  |2 eczenas 
655 9 |a children's literature  |2 eczenas 
700 1 |a Hájková, Romana,  |d 1968-  |7 xx0302026  |4 trl 
765 1 |t Insel der Sturmpferde 
787 0 8 |i Z cyklu:  |t Ostrov větrných koní  |g 1  |w (CZ-CtDS)eeffcb15-7c49-5218-ba64-0f12a54185c9 
830 0 |a Drobek 
900 |a ABA001  |b 21 
044 |a xr 
910 |a RBIT002 
998 |d 368149  |a https://core.palmknihy.cz/api/books/368149/cover?rqh7w4  |b https://core.palmknihy.cz/api/books/368149/cover/400?rqh7w4  |c https://core.palmknihy.cz/api/books/368149/cover/50?rqh7w4  |e 2026-10-19  |g 200  |i 9788027711031  |j https://core.palmknihy.cz/api/books/368149/preview.epub  |k https://core.palmknihy.cz/api/books/368149/preview.pdf  |l   |q 49  |r 1  |s https://www.palmknihy.cz/kniha/368149  |t ebook  |y 2023  |z 0  |v Ostrov větrných koní  |w 1 
999 |d 311849